Statistiken für Alle Minderheiten der Schweiz

Klicken Sie hier um das Quiz zu spielen!

Allgemein

  • Dieses Quiz wurde 126 mal gespielt
  • Das Durchschnittsergebnis liegt bei 23 aus 30

Antwortstatistiken

BevölkerungLand% Korrekt
307,387Deutschland
99%
138,947Frankreich
99%
321,309Italien
98%
43,650Österreich
94%
19,310USA
93%
84,362Spanien
92%
260,100Portugal
90%
63,238Serbien
89%
67,711Türkei
87%
19,712China
85%
28,020Kroatien
84%
16,099Russland
84%
33,957Polen
83%
15,520Griechenland
79%
112,780Kosovo
79%
41,734Vereinigtes Königreich
77%
29,291Bosnien und Herzegowina
76%
13,699Belgien
72%
22,014Syrien
72%
21,158Niederlande
71%
15,424Indien
70%
20,114Rumänien
69%
11,831Bulgarien
66%
23,921Ungarn
65%
21,789Brasilien
62%
67,108Nordmazedonien
62%
17,914Slowakei
61%
17,712Afghanistan
52%
39,689Eritrea
42%
28,838Sri Lanka
39%

Verteilung der Resultate

Perzentil nach korrekt beantworteten Fragen

Anzahl Personen mit jedem Resultat

Ihre Resultats-Entwicklung

Sie haben dieses Quiz noch nicht gespielt